| 000 | 00441cam a2200157 a 4500 | ||
|---|---|---|---|
| 020 | _a0815185057 | ||
| 040 | _cFM | ||
| 082 | 0 | 0 | _a540 MOS 1996 A035 Or. |
| 100 | 1 | _aSilberberg, Martin S. | |
| 245 | 1 | 0 |
_aChemistry : _bthe molecular nature of matter and change / |
| 260 |
_aSt. Louis : _bMosby, _cc1996. |
||
| 300 |
_a1 v. (various pagings) : _bill. (some col.) ; _c27 cm. |
||
| 500 | _aIncludes index. | ||
| 650 | 0 | _aChemistry. | |
| 942 | _cEK | ||
| 999 |
_c12673 _d12673 |
||